[Event "World Blitz 2025"]
[Site "Doha QAT"]
[Date "2025.12.29"]
[Round "12.114"]
[White "Nikitenko, Mihail"]
[Black "Berend, Fred"]
[Result "1-0"]
[WhiteTitle "GM"]
[BlackTitle "IM"]
[WhiteElo "2476"]
[BlackElo "2213"]
[WhiteFideId "13506862"]
[BlackFideId "4000102"]
[EventDate "2025.12.29"]

1. d4 Nf6 2. c4 e6 3. Nf3 d5 4. Nc3 c5 5. cxd5 Nxd5 6. e3 Nc6 7. Bd3 Be7 8. O-O
O-O 9. a3 cxd4 10. exd4 b6 11. Re1 Bb7 12. Qe2 Nf6 13. Be3 Rc8 14. Rad1 Qc7 15.
Bg5 Rfd8 16. Bb1 h6 17. Bh4 Na5 18. Ne5 Nc4 19. Qc2 g6 20. Nxf7 Kxf7 21. Qxg6+
Kf8 22. Qxh6+ Kf7 23. Qg6+ Kf8 24. Rxe6 Rd6 25. Bxf6 Bxf6 26. Qxf6+ Kg8 27. Rd3 1-0

[Event "World Blitz 2025"]
[Site "Doha QAT"]
[Date "2025.12.29"]
[Round "12.115"]
[White "Grafl, Florian"]
[Black "Rami, Talab"]
[Result "0-1"]
[WhiteTitle "IM"]
[WhiteElo "2343"]
[BlackElo "2173"]
[WhiteFideId "4645715"]
[BlackFideId "7609787"]
[EventDate "2025.12.29"]

1. Nc3 d5 2. d4 e6 3. e4 Bb4 4. Ne2 dxe4 5. a3 Be7 6. Nxe4 Nf6 7. N2c3 O-O 8.
Be3 Nbd7 9. Bd3 b6 10. Qf3 Rb8 11. Qh3 e5 12. O-O-O g6 13. Ng5 h5 14. Qg3 Ng4
15. h4 exd4 16. Bxd4 Bd6 17. f4 c5 18. Nce4 cxd4 19. Nxd6 Qc7 20. f5 Nde5 21.
Nxc8 Rbxc8 22. fxg6 fxg6 23. Ne6 Qd6 24. Nxf8 Rxf8 25. Rhf1 Rc8 26. Kb1 Ne3 27.
Be4 Nxf1 28. Rxf1 Kg7 29. Re1 Re8 30. Qg5 Re7 31. Rf1 Nf7 32. Qd5 Qxd5 33. Bxd5
Nd6 34. Rd1 Nf5 35. Bc4 0-1

[Event "World Blitz 2025"]
[Site "Doha QAT"]
[Date "2025.12.29"]
[Round "12.116"]
[White "Medhus, Vitus Bondo"]
[Black "Alrehaili, Ahmed Abdullah S"]
[Result "1-0"]
[WhiteTitle "FM"]
[BlackTitle "FM"]
[WhiteElo "2387"]
[BlackElo "2106"]
[WhiteFideId "1462547"]
[BlackFideId "21518840"]
[EventDate "2025.12.29"]

1. e4 e5 2. Nf3 Nc6 3. Bb5 a6 4. Ba4 d6 5. O-O Nf6 6. c3 Bd7 7. d4 g6 8. Bxc6
Bxc6 9. dxe5 Nxe4 10. Nd4 dxe5 11. Nxc6 Qxd1 12. Rxd1 bxc6 13. Re1 f5 14. f3
Bc5+ 15. Be3 Bxe3+ 16. Rxe3 Nd6 17. Rxe5+ Kf7 18. Rc5 Rab8 19. b3 Rb6 20. Na3
Nb7 21. Rc4 Rd8 22. Ra4 c5 23. Re1 Kf6 24. Nc4 Rc6 25. Kf2 Rd3 26. Ne5 Rd2+ 27.
Kf1 Re6 28. f4 h6 29. Re2 Rxe2 30. Kxe2 g5 31. g3 Ke7 32. Kf3 a5 33. Nc4 Re4 34.
Ra3 Kd7 35. Nxa5 Nd6 36. h3 c6 37. Ra4 Rxa4 38. bxa4 c4 39. fxg5 hxg5 40. h4
gxh4 41. gxh4 Kc7 42. h5 Kb6 43. Nxc4+ Nxc4 44. h6 Nd6 45. h7 Nf7 46. Kf4 Ka5
47. Kxf5 Kxa4 48. Kf6 Nh8 49. Kg7 1-0

[Event "World Blitz 2025"]
[Site "Doha QAT"]
[Date "2025.12.29"]
[Round "12.117"]
[White "Ammar, Sedrani"]
[Black "Sklokin, Sergey"]
[Result "0-1"]
[WhiteTitle "FM"]
[BlackTitle "FM"]
[WhiteElo "2203"]
[BlackElo "2407"]
[WhiteFideId "9312331"]
[BlackFideId "55730230"]
[EventDate "2025.12.29"]

1. d4 d5 2. Nf3 Nf6 3. Bf4 e6 4. e3 c5 5. c3 Nc6 6. Nbd2 Be7 7. Bd3 O-O 8. O-O
b6 9. Ne5 Bb7 10. Bg3 Nxe5 11. Bxe5 h6 12. h3 Rc8 13. Qf3 Nd7 14. Bf4 f5 15. Qg3
Kh8 16. Nf3 Bf6 17. Bd6 Rg8 18. h4 Qe8 19. a4 Qh5 20. a5 c4 21. Be2 b5 22. Rfe1
Qf7 23. b3 a6 24. bxc4 dxc4 25. Nd2 Rge8 26. Bf3 Bd5 27. e4 fxe4 28. Nxe4 Rg8
29. Bf4 Bxe4 30. Bxe4 b4 31. Bd6 Qh5 32. Bxb4 Bxh4 33. Qh3 Qg5 34. g3 Nf6 35.
Qxh4 Qd2 36. Rad1 Qb2 37. Bb1 Rgf8 38. Qf4 Ng4 39. Qe4 Qxf2+ 40. Kh1 Qh2# 0-1

[Event "World Blitz 2025"]
[Site "Doha QAT"]
[Date "2025.12.29"]
[Round "12.118"]
[White "Anand, Tsogtbileg"]
[Black "Ezat, Mohamed"]
[Result "0-1"]
[WhiteTitle "CM"]
[BlackTitle "IM"]
[WhiteElo "1968"]
[BlackElo "2294"]
[WhiteFideId "4926552"]
[BlackFideId "10600906"]
[EventDate "2025.12.29"]

1. d4 Nf6 2. c4 c5 3. d5 e5 4. Nc3 d6 5. g3 g6 6. Bg2 Bg7 7. Nf3 O-O 8. O-O h6
9. a3 Ne8 10. Nd2 f5 11. b4 b6 12. e4 f4 13. Rb1 Nf6 14. bxc5 bxc5 15. gxf4 exf4
16. e5 dxe5 17. d6 Bg4 18. Bf3 Qd7 19. Bxg4 Nxg4 20. Nde4 Kh7 21. h3 Nf6 22.
Nxf6+ Bxf6 23. Qf3 Nc6 24. Ne4 Bg7 25. Bb2 Rab8 26. Bc3 Rb6 27. Rbd1 Nd4 28.
Bxd4 exd4 29. Rfe1 Rf7 30. Qg4 Rf5 31. Nxc5 Qxd6 32. Re6 Qxc5 33. Qxg6+ Kg8 34.
h4 Rxe6 35. Qxe6+ Rf7 36. Re1 Qf5 37. Qxf5 Rxf5 38. Rc1 d3 39. Kf1 d2 40. Rd1
Bc3 41. Ke2 Re5+ 42. Kd3 Re1 43. Kc2 0-1

[Event "World Blitz 2025"]
[Site "Doha QAT"]
[Date "2025.12.29"]
[Round "12.119"]
[White "Khayat, Emad"]
[Black "Ashwath Kaushik"]
[Result "1/2-1/2"]
[BlackTitle "FM"]
[WhiteElo "1927"]
[BlackElo "2345"]
[WhiteFideId "21518076"]
[BlackFideId "33387230"]
[EventDate "2025.12.29"]

1. d4 d5 2. Nf3 Nf6 3. g3 e6 4. Bg2 Be7 5. O-O O-O 6. c4 c6 7. Nc3 a5 8. b3 b6
9. Ne5 Nfd7 10. Bf4 Nxe5 11. Bxe5 Nd7 12. Bf4 Nf6 13. Qd3 Ba6 14. e4 b5 15. cxb5
cxb5 16. Nxb5 dxe4 17. Qe2 Qb6 18. a4 Rfd8 19. Rfd1 Nd5 20. Bd2 Bf6 21. Bxe4
Bxd4 22. Rac1 h6 23. Kg2 Rac8 24. h4 Rxc1 25. Rxc1 Bb7 26. Qf3 Bf6 27. Be1 Qa6
28. Nc7 Qd6 29. Nxd5 exd5 30. Bd3 Qb6 31. Bb5 d4 32. Bc6 Ba6 33. Kh2 Kh8 34. Bd2
d3 35. Bxh6 Qxb3 36. Rd1 Bc8 37. Bf4 Bf5 38. Bb5 Bh7 39. Bg5 Bxg5 40. hxg5 Qd5
41. Qxd5 Rxd5 42. Kg2 Rxg5 43. Bxd3 Rd5 44. Be2 Rxd1 45. Bxd1 Be4+ 46. f3 Bc6
47. Kf2 Kg8 48. Ke3 1/2-1/2

[Event "World Blitz 2025"]
[Site "Doha QAT"]
[Date "2025.12.29"]
[Round "12.120"]
[White "Phuyal, Aashish"]
[Black "Dinham, James"]
[Result "0-1"]
[WhiteElo "1955"]
[BlackElo "2091"]
[WhiteFideId "12312649"]
[BlackFideId "14327023"]
[EventDate "2025.12.29"]

1. e4 c5 2. Nf3 d6 3. c3 Nf6 4. Be2 Nc6 5. d4 cxd4 6. cxd4 g6 7. O-O Bg7 8. Nc3
O-O 9. d5 Nb8 10. Be3 Bg4 11. h3 Bxf3 12. Bxf3 Nbd7 13. Qb3 b6 14. Rfc1 Rc8 15.
a4 Nc5 16. Qd1 Nfd7 17. Bd4 Bxd4 18. Qxd4 Nb3 19. Qe3 Nxa1 20. Rxa1 Ne5 21. Be2
Nc4 22. Bxc4 Rxc4 23. Rd1 Qc7 24. h4 Qc5 25. Qg5 Rb4 26. Rd2 Re8 27. h5 Rd4 28.
Re2 a6 29. e5 dxe5 30. Qxe5 Rh4 31. hxg6 hxg6 32. g3 Rh5 33. Qf4 b5 34. axb5
axb5 35. Qd2 Kg7 36. d6 b4 37. d7 Rd8 38. Ne4 Qd5 39. Qxb4 Rxd7 40. Qc3+ Qd4 41.
Qf3 Rf5 42. Qg4 Rb7 43. Kg2 Rxb2 44. Rxb2 Qxb2 45. Qd1 Qe5 46. Qd3 Qd5 47. Qc3+
f6 48. f3 Re5 49. Qc8 f5 50. Ng5 Qd2+ 51. Kh3 Qxg5 52. Qc3 Qf6 53. f4 Re4 54.
Qc8 Re3 55. Qc2 Qc3 56. Qf2 Rxg3+ 0-1

[Event "World Blitz 2025"]
[Site "Doha QAT"]
[Date "2025.12.29"]
[Round "12.121"]
[White "Alhassadi, Yousef A."]
[Black "Blackwood, Ryan"]
[Result "1-0"]
[WhiteTitle "FM"]
[WhiteElo "2098"]
[BlackElo "1945"]
[WhiteFideId "9204725"]
[BlackFideId "7400640"]
[EventDate "2025.12.29"]

1. e4 d5 2. exd5 Qxd5 3. Nc3 Qa5 4. d4 Nf6 5. Nf3 Bg4 6. h3 Bh5 7. g4 Bg6 8. Ne5
c6 9. Bg2 e6 10. O-O Nbd7 11. Nc4 Qc7 12. Qf3 Bxc2 13. Bf4 Qd8 14. Rfe1 Nb6 15.
Ne5 Nbd5 16. Bd2 h6 17. h4 Qc7 18. g5 hxg5 19. hxg5 Nh5 20. Nxd5 cxd5 21. Rac1
f6 22. Ng6 Rh7 23. Rxe6+ Kf7 24. Nxf8 Rxf8 25. Qxd5 Qh2+ 26. Kxh2 Nf4+ 27. Kg1
Nxd5 28. Bxd5 Bf5 29. Rxf6+ Ke7 30. Re1+ Be4 31. Rxe4+ Kd7 32. Rxf8 Kd6 33. Bb3
g6 34. Bb4+ Kc6 35. Rf6+ 1-0

[Event "World Blitz 2025"]
[Site "Doha QAT"]
[Date "2025.12.29"]
[Round "12.122"]
[White "Bodemar, Jonathan"]
[Black "Al-Kuwari, Hamad"]
[Result "1-0"]
[WhiteTitle "CM"]
[BlackTitle "CM"]
[WhiteElo "2154"]
[BlackElo "1809"]
[WhiteFideId "6205488"]
[BlackFideId "12102679"]
[EventDate "2025.12.29"]

1. e4 e6 2. d4 d5 3. exd5 exd5 4. Nf3 Bd6 5. c4 c6 6. Nc3 Nf6 7. Bg5 dxc4 8.
Bxc4 O-O 9. O-O Bg4 10. Qd3 Nbd7 11. Rfe1 Qc7 12. h3 Bh5 13. Bb3 h6 14. Bxf6
Nxf6 15. Ne5 Rad8 16. Qc2 Kh8 17. g4 Bxe5 18. dxe5 Bg6 19. Qe2 1-0

[Event "World Blitz 2025"]
[Site "Doha QAT"]
[Date "2025.12.29"]
[Round "12.123"]
[White "Al-Janahi, Ibrahim"]
[Black "Alsaqer, Meshal"]
[Result "1-0"]
[WhiteElo "1656"]
[BlackElo "1853"]
[WhiteFideId "12102385"]
[BlackFideId "10301771"]
[EventDate "2025.12.29"]

1. d4 d5 2. c4 e6 3. Nc3 Nf6 4. cxd5 exd5 5. Bg5 Be7 6. e3 O-O 7. Bd3 Bg4 8.
Nge2 c6 9. O-O Nbd7 10. f3 Bh5 11. Qc2 Bg6 12. e4 h6 13. Bh4 Rc8 14. e5 Bxd3 15.
Qxd3 Ne8 16. Bxe7 Qxe7 17. f4 Nc7 18. Rae1 Rfd8 19. f5 c5 20. f6 Qf8 21. fxg7
Qxg7 22. Rf4 Kh8 23. Ref1 Rf8 24. Qf3 cxd4 25. Nxd4 Nxe5 26. Qh3 Ne6 27. Rh4 Kh7
28. Nf5 Ng5 29. Rxh6+ Kg8 30. Ne7# 1-0

[Event "World Blitz 2025"]
[Site "Doha QAT"]
[Date "2025.12.29"]
[Round "12.124"]
[White "Alkhuriji, Abdulaziz N"]
[Black "AlJamaat, Khaled"]
[Result "0-1"]
[WhiteElo "1972"]
[BlackElo "1719"]
[WhiteFideId "21525919"]
[BlackFideId "12102415"]
[EventDate "2025.12.29"]

1. c4 e5 2. Nc3 Nf6 3. g3 d5 4. cxd5 Nxd5 5. Bg2 Nb6 6. Nf3 Nc6 7. O-O Be7 8. a3
O-O 9. b4 a6 10. d3 f6 11. Qb3+ Kh8 12. Bb2 Re8 13. Rac1 Bf8 14. Ne4 Be6 15. Qc2
Qd7 16. Nc5 Bxc5 17. Qxc5 Na4 18. Qc2 Nxb2 19. Qxb2 Bd5 20. Rfd1 Rab8 21. Rc5
Bxf3 22. Bxf3 Nd4 23. Bg2 c6 24. Rdc1 Rbd8 25. a4 Qg4 26. Kf1 Qh5 27. h3 Qf7 28.
R5c3 Qe7 29. e3 Ne6 30. b5 cxb5 31. axb5 axb5 32. Qxb5 Rd7 33. Bxb7 Rxb7 34. Qa4
Rd7 35. Rc6 Red8 36. Qa6 Nf8 37. R1c3 h6 38. Kg2 Ra7 39. Qb6 Rb7 40. Qa5 Rbd7
41. Qb5 Ng6 42. h4 Nf8 43. h5 Kh7 44. Qc4 Qf7 45. Qe4+ Kh8 46. g4 Ne6 47. Qf5
Nf8 48. Ra6 Qd5+ 49. Kf1 Rd6 50. Raa3 Qb5 51. Rab3 Qa4 52. Rb7 R6d7 53. Rbb3
Qa1+ 54. Kg2 Qa8+ 55. Kf1 Qa1+ 56. Kg2 Qa8+ 57. Kf1 Ra7 58. Rb2 Ra1+ 59. Ke2 Rb8
60. Rbc2 Rbb1 61. e4 Re1+ 62. Kf3 Qe8 63. Rc8 Qe7 64. R2c7 Qa3 65. Rf7 Qxd3+ 66.
Kg2 Rg1+ 67. Kh2 Rh1+ 68. Kg2 Rag1# 0-1

[Event "World Blitz 2025"]
[Site "Doha QAT"]
[Date "2025.12.29"]
[Round "12.125"]
[White "Ahmad, Saif"]
[Black "Al-Mansouri, Fahad"]
[Result "1-0"]
[WhiteElo "1567"]
[BlackElo "1607"]
[WhiteFideId "12102709"]
[BlackFideId "12102407"]
[EventDate "2025.12.29"]

1. d4 d5 2. c4 e6 3. Nc3 h6 4. cxd5 exd5 5. Nf3 Nf6 6. Bf4 c6 7. e3 Bd6 8. Bxd6
Qxd6 9. Bd3 O-O 10. O-O Bg4 11. h3 Bxf3 12. Qxf3 Nbd7 13. Ne2 Rfe8 14. Ng3 Nf8
15. Nf5 Qc7 16. Nxh6+ gxh6 17. Qxf6 Re6 18. Qf5 Qe7 19. Rae1 Qg5 20. f4 Qxf5 21.
Bxf5 Re7 22. Rf3 Ng6 23. Rg3 Kg7 24. h4 h5 25. Rg5 Rh8 26. Bd3 Kf6 27. Bxg6 fxg6
28. Kf2 Rhe8 29. Re5 Rxe5 30. fxe5+ Kf5 31. Ke2 Kg4 32. Rh1 Rf8 33. Rf1 Re8 34.
Rf4+ Kg3 35. Kf1 Rg8 36. Rf3+ Kg4 37. Rf4+ Kg3 38. Rf7 Kxh4 39. Rxb7 Rf8+ 40.
Ke2 Kg3 41. Rg7 Kxg2 42. Rxg6+ 1-0

[Event "World Blitz 2025"]
[Site "Doha QAT"]
[Date "2025.12.29"]
[Round "12.126"]
[White "Dahal, Sushrut"]
[Black "Fates, Omer Salah"]
[Result "0-1"]
[WhiteTitle "CM"]
[WhiteElo "2037"]
[BlackElo "2079"]
[WhiteFideId "12303275"]
[BlackFideId "9212035"]
[EventDate "2025.12.29"]

1. d4 Nf6 2. Nc3 d5 3. Bf4 c6 4. e3 Bf5 5. Nf3 h6 6. Ne5 e6 7. g4 Bh7 8. h4 Nbd7
9. Bd3 Bxd3 10. Nxd3 c5 11. Qf3 c4 12. Ne5 Bb4 13. Nxd7 Qxd7 14. g5 Ne4 15. Ke2
Bxc3 16. bxc3 Nxc3+ 17. Kf1 hxg5 18. hxg5 O-O-O 19. Be5 Ne4 20. Rxh8 Nd2+ 21.
Ke2 Nxf3 22. Rxd8+ Qxd8 23. Kxf3 Qxg5 24. Rh1 Qf5+ 25. Kg2 f6 26. Rh8+ Kd7 27.
Bb8 a6 28. c3 b5 29. Rg8 Qg4+ 30. Kf1 a5 31. Bg3 b4 32. cxb4 axb4 33. Rb8 c3 34.
Ke1 c2 35. Rb7+ Kd8 36. Rb8+ Kd7 37. Rb7+ Ke8 38. Rb8+ Kf7 39. Rb7+ Kg6 40. f3
Qxf3 0-1

[Event "World Blitz 2025"]
[Site "Doha QAT"]
[Date "2025.12.29"]
[Round "13.1"]
[White "Carlsen, Magnus"]
[Black "Radjabov, Teimour"]
[Result "1-0"]
[WhiteTitle "GM"]
[BlackTitle "GM"]
[WhiteElo "2840"]
[BlackElo "2692"]
[WhiteFideId "1503014"]
[BlackFideId "13400924"]
[EventDate "2025.12.29"]

1. d4 Nf6 2. Nc3 d5 3. Bf4 c6 4. e3 Bf5 5. f3 e6 6. g4 Bg6 7. h4 h6 8. Bd3 Bxd3
9. cxd3 Nbd7 10. Nge2 Qb6 11. Kf2 Be7 12. Qd2 a6 13. Rab1 c5 14. dxc5 Nxc5 15.
d4 Ncd7 16. Rbc1 Qa5 17. Rc2 Nb6 18. Bc7 Nfd7 19. Qd3 Rc8 20. Bg3 Qb4 21. Nf4
Qc4 22. Qd2 Qc6 23. Rhc1 Nc4 24. Qe2 b5 25. Nb1 g5 26. hxg5 hxg5 27. Nh5 Bd6 28.
b3 Bxg3+ 29. Kxg3 Ke7 30. bxc4 bxc4 31. Nd2 Nf6 32. Nxf6 Qd6+ 33. f4 gxf4+ 34.
exf4 Kxf6 35. Qe5+ Ke7 36. Nf3 Qa3 37. Rb1 Rh7 38. Rb7+ Kf8 39. Rh2 Rxh2 40.
Kxh2 Kg8 41. Qg5+ Kf8 42. Qf6 1-0

[Event "World Blitz 2025"]
[Site "Doha QAT"]
[Date "2025.12.29"]
[Round "13.3"]
[White "Dubov, Daniil"]
[Black "Erigaisi, Arjun"]
[Result "1/2-1/2"]
[WhiteTitle "GM"]
[BlackTitle "GM"]
[WhiteElo "2672"]
[BlackElo "2775"]
[WhiteFideId "24126055"]
[BlackFideId "35009192"]
[EventDate "2025.12.29"]

1. d4 Nf6 2. Nf3 d5 3. c4 e6 4. g3 Bb4+ 5. Nbd2 O-O 6. Bg2 b6 7. O-O Bb7 8. Ne5
Nbd7 9. Qa4 Bxd2 10. Bxd2 Nxe5 11. dxe5 Nd7 12. cxd5 Bxd5 13. Bxd5 exd5 14. Qd4
c5 15. Qxd5 Nxe5 16. Qxd8 1/2-1/2

[Event "World Blitz 2025"]
[Site "Doha QAT"]
[Date "2025.12.29"]
[Round "13.5"]
[White "Lu, Shanglei"]
[Black "Narayanan, S.L."]
[Result "1-0"]
[WhiteTitle "GM"]
[BlackTitle "GM"]
[WhiteElo "2643"]
[BlackElo "2616"]
[WhiteFideId "8603332"]
[BlackFideId "5058422"]
[EventDate "2025.12.29"]

1. e4 c5 2. Nf3 d6 3. d4 cxd4 4. Nxd4 Nf6 5. f3 e5 6. Nb3 Be7 7. c4 Nc6 8. Be3
a5 9. Nc3 O-O 10. Be2 Nh5 11. Nd5 a4 12. Nd2 Bg5 13. Bb6 Qd7 14. O-O Ne7 15.
Nxe7+ Qxe7 16. Nb1 Be6 17. Nc3 a3 18. b3 Nf4 19. g3 Nxe2+ 20. Qxe2 f5 21. exf5
Rxf5 22. Rad1 Ra6 23. Be3 h5 24. Ne4 Bxe3+ 25. Qxe3 h4 26. g4 Rf4 27. h3 Bf7 28.
Rd2 Bg6 29. Nc3 Bf7 30. Ne2 Rf6 31. Rfd1 Rc6 32. Nc3 Rf4 33. Ne4 Bg6 34. Nxd6
Qf6 35. Kg2 e4 36. fxe4 Qe5 37. Rd5 Bxe4+ 38. Nxe4 Qxe4+ 39. Qxe4 Rxe4 40. R1d2
Rce6 41. R5d3 Re1 42. b4 Rb1 43. b5 Re4 44. Rc2 Rb2 45. Rxb2 axb2 46. Rb3 Rxc4
47. Rxb2 Rc3 48. a4 Rg3+ 49. Kh2 Ra3 50. Rb4 g5 51. Rc4 Kf7 52. Rc7+ Kf6 53.
Rxb7 Rxa4 54. b6 Ra2+ 55. Kg1 Ra1+ 56. Kf2 Ra2+ 57. Kf3 Ra3+ 58. Kg2 Ra2+ 59.
Kg1 Ra3 60. Rb8 Rb3 61. b7 Kg7 62. Kf2 Rb1 63. Ke3 Rb2 64. Kd4 Rb1 65. Ke5 Rb5+
66. Kd6 Rb1 67. Re8 Rxb7 68. Re7+ Rxe7 69. Kxe7 Kg6 70. Ke6 Kg7 71. Kf5 1-0

[Event "World Blitz 2025"]
[Site "Doha QAT"]
[Date "2025.12.29"]
[Round "13.6"]
[White "Mamedov, Edgar"]
[Black "So, Wesley"]
[Result "0-1"]
[WhiteTitle "GM"]
[BlackTitle "GM"]
[WhiteElo "2492"]
[BlackElo "2753"]
[WhiteFideId "13739980"]
[BlackFideId "5202213"]
[EventDate "2025.12.29"]

1. d4 d5 2. c4 e6 3. Nf3 Nf6 4. Nc3 Be7 5. Bf4 O-O 6. e3 b6 7. cxd5 Nxd5 8. Nxd5
Qxd5 9. Be2 Qa5+ 10. Nd2 Ba6 11. O-O c5 12. Nc4 Bxc4 13. Bxc4 cxd4 14. Qxd4 Bf6
15. Qe4 Nd7 16. Bd6 Nc5 17. Qc2 Rfd8 18. Rfd1 Qa4 19. Rac1 Qxc2 20. Rxc2 Ne4 21.
Bd3 Rxd6 22. f3 Rad8 23. fxe4 Rxd3 0-1

[Event "World Blitz 2025"]
[Site "Doha QAT"]
[Date "2025.12.29"]
[Round "13.7"]
[White "Jobava, Baadur"]
[Black "Duda, Jan-Krzysztof"]
[Result "1-0"]
[WhiteTitle "GM"]
[BlackTitle "GM"]
[WhiteElo "2568"]
[BlackElo "2729"]
[WhiteFideId "13601520"]
[BlackFideId "1170546"]
[EventDate "2025.12.29"]

1. e4 e5 2. Nf3 Nc6 3. c3 Nf6 4. d3 d5 5. Qc2 a5 6. a4 Bc5 7. Be2 O-O 8. O-O h6
9. h3 Re8 10. Re1 Be6 11. Na3 Qe7 12. Nb5 Rad8 13. Bf1 Qd7 14. Be3 Bxe3 15. Rxe3
dxe4 16. dxe4 Qc8 17. Ree1 Nd7 18. Nd2 Nb6 19. Rad1 Nb8 20. Na7 Qd7 21. Nc4 Qe7
22. Nxa5 c6 23. Rxd8 Rxd8 24. Rd1 Re8 25. b4 Qc7 26. c4 N6d7 27. c5 Nxc5 28.
Qxc5 Nd7 29. Qd6 Qb6 30. N7xc6 bxc6 31. Nxc6 Qb7 32. a5 Nf6 33. f3 Bb3 34. Rd2
Kh7 35. b5 Qa8 36. a6 Rc8 37. Qxe5 Be6 38. a7 Qb7 39. Qb8 1-0

[Event "World Blitz 2025"]
[Site "Doha QAT"]
[Date "2025.12.29"]
[Round "13.8"]
[White "Praggnanandhaa, R"]
[Black "Bu, Xiangzhi"]
[Result "1/2-1/2"]
[WhiteTitle "GM"]
[BlackTitle "GM"]
[WhiteElo "2761"]
[BlackElo "2665"]
[WhiteFideId "25059530"]
[BlackFideId "8601445"]
[EventDate "2025.12.29"]

1. e4 e5 2. Nf3 Nf6 3. Nc3 Nc6 4. Bb5 Bd6 5. d3 a6 6. Ba4 O-O 7. O-O h6 8. h3
Re8 9. a3 Bf8 10. Be3 d5 11. exd5 Nxd5 12. Bd2 b5 13. Bb3 Nxc3 14. Bxc3 Be6 1/2-1/2

[Event "World Blitz 2025"]
[Site "Doha QAT"]
[Date "2025.12.29"]
[Round "13.9"]
[White "Firouzja, Alireza"]
[Black "Sindarov, Javokhir"]
[Result "1/2-1/2"]
[WhiteTitle "GM"]
[BlackTitle "GM"]
[WhiteElo "2762"]
[BlackElo "2726"]
[WhiteFideId "12573981"]
[BlackFideId "14205483"]
[EventDate "2025.12.29"]

1. e4 e5 2. Nf3 Nc6 3. Bc4 Bc5 4. c3 d6 5. d3 h6 6. O-O Nge7 7. d4 exd4 8. cxd4
Bb6 9. h3 O-O 10. Nc3 Ng6 11. Re1 Re8 12. Be3 Nh4 13. Nxh4 Qxh4 14. Bb3 Bd7 15.
Rc1 Rac8 16. a3 Ne7 17. Qf3 Be6 18. Ba4 c6 19. d5 Bd7 20. Rcd1 Ng6 21. Bxb6 axb6
22. dxc6 Bxc6 23. Bb3 Ne5 24. Qe3 Qd8 25. Rd4 Rc7 26. Red1 Rd7 27. Qg3 b5 28. f4
Nc4 29. Bxc4 bxc4 30. Rxc4 d5 31. exd5 Bxd5 32. Rcd4 Bc6 33. Rxd7 Bxd7 34. Kh2
Qc8 35. Nd5 Qc6 36. Rd2 Kh8 37. Nb4 Qc7 38. Nd5 Qc6 39. Qc3 Qd6 40. Qd4 Bc6 41.
Nc3 Qg6 42. Qf2 Qf5 43. Ne2 Re4 44. Rd4 Re8 45. Ng3 Qc5 46. Rd2 Qc4 47. Qd4 Qe6
48. f5 Qe5 49. Qxe5 Rxe5 50. Rf2 Kg8 51. Ne2 Kf8 52. Nd4 Bd7 53. g4 Re3 54. Rf3
Re1 55. Kg3 Ke7 56. Rd3 g6 57. fxg6 fxg6 58. Kf2 Rb1 59. Rd2 h5 60. gxh5 gxh5
61. Kg3 Rg1+ 62. Kh4 Rh1 63. Rd3 Rh2 64. b4 b5 65. Nb3 Bf5 66. Re3+ Kf6 67. Nd4
Bd7 68. Rd3 Ke7 69. Rf3 Kd6 70. Nf5+ Ke5 71. Ng7 Ke4 72. Rb3 Kd4 73. Nxh5 Kc4
74. Rg3 Rc2 75. Nf6 Be6 76. Ng4 Rc3 77. Ne5+ Kb3 78. Nc6 Rxg3 79. Kxg3 Kxa3 80.
h4 Bd5 81. Ne7 Bf7 82. Nc6 Be8 83. Nd4 Kxb4 84. Nxb5 Kxb5 1/2-1/2

[Event "World Blitz 2025"]
[Site "Doha QAT"]
[Date "2025.12.29"]
[Round "13.10"]
[White "Nepomniachtchi, Ian"]
[Black "Moussard, Jules"]
[Result "1-0"]
[WhiteTitle "GM"]
[BlackTitle "GM"]
[WhiteElo "2723"]
[BlackElo "2600"]
[WhiteFideId "4168119"]
[BlackFideId "642908"]
[EventDate "2025.12.29"]

1. e4 d6 2. d4 Nf6 3. Nc3 e5 4. Nf3 Nbd7 5. h3 c6 6. a4 Be7 7. Be3 O-O 8. a5 Re8
9. d5 cxd5 10. exd5 e4 11. Nd2 Bf8 12. Be2 Nc5 13. b4 Na6 14. Qb1 Bf5 15. Qb3 g6
16. O-O Bg7 17. Nb5 Qb8 18. c4 h5 19. Rae1 Bd7 20. Nc3 Bf5 21. Bd1 Nc7 22. Bc2
b6 23. axb6 axb6 24. Bf4 Bf8 25. Bxe4 Nxe4 26. Ncxe4 Qd8 27. Bg5 Be7 28. Bxe7
Rxe7 29. Qc3 Ne8 30. Re3 Rc8 31. Qd4 Bxe4 32. Nxe4 f5 33. Nf6+ Kf7 34. Nxe8 Rxe3
35. Qg7+ Kxe8 36. Qxg6+ Kd7 37. Qxf5+ Kc7 38. fxe3 Kb8 39. Qf4 Qc7 40. Qd4 Kb7
41. Rf4 Qe7 42. Kh2 Rg8 43. Qe4 Qg7 44. Qf3 Qc3 45. c5 bxc5 46. bxc5 Qxc5 47.
Qxh5 Qxe3 48. Qf7+ Kb6 49. Qxg8 Qxf4+ 50. Qg3 Qf6 51. Qe3+ Kb5 52. Qe4 Kc5 53.
h4 Qf7 54. Kh3 Qf1 55. h5 Qd1 56. g4 Qf1+ 57. Kg3 Qf6 58. Qf5 Qe7 59. Kf4 Kd4
60. Qe6 Qh4 61. Qe4+ Kc5 62. Kf5 Qh3 63. Kg6 Qf1 64. h6 Qf8 65. h7 Qc8 66. Qc2+
Kxd5 1-0

[Event "World Blitz 2025"]
[Site "Doha QAT"]
[Date "2025.12.29"]
[Round "13.11"]
[White "Lazavik, Denis"]
[Black "Aronian, Levon"]
[Result "1/2-1/2"]
[WhiteTitle "GM"]
[BlackTitle "GM"]
[WhiteElo "2605"]
[BlackElo "2729"]
[WhiteFideId "13515110"]
[BlackFideId "13300474"]
[EventDate "2025.12.29"]

1. c4 e6 2. g3 d5 3. Bg2 dxc4 4. Qa4+ Nd7 5. Qxc4 c5 6. Qc2 Ne7 7. Nf3 Nc6 8.
O-O Be7 9. b3 O-O 10. Bb2 b6 11. d4 Bb7 12. dxc5 Nxc5 13. Nc3 Nb4 14. Qb1 Rc8
15. Rd1 Qe8 16. Nd4 Bxg2 17. Kxg2 Qd7 18. Nf3 Qb7 19. a3 Nc6 20. b4 Nd7 21. Ne4
Rfd8 22. Kg1 Nf8 23. Rxd8 Nxd8 24. Qd3 f6 25. Nd4 Nf7 26. Nd2 Qd5 27. Qb3 Qxb3
28. N2xb3 e5 29. Nf5 Rc7 30. Rc1 Rxc1+ 31. Bxc1 Bd8 32. Kf1 Ne6 33. Ne3 Nd6 34.
Ke1 Kf7 35. Nd2 b5 36. Nd5 Nc7 37. Nxc7 Bxc7 38. e4 a5 39. Ke2 a4 40. f3 Ke6 41.
Nb1 Bb6 42. Nc3 Bd4 43. Nd5 Kd7 44. Kd3 Bg1 45. h3 Bf2 46. g4 h6 47. Nc3 Bd4 48.
Ne2 Bf2 49. Nc3 Bd4 50. Ne2 Bf2 1/2-1/2

[Event "World Blitz 2025"]
[Site "Doha QAT"]
[Date "2025.12.29"]
[Round "13.12"]
[White "Makarian, Rudik"]
[Black "Abdusattorov, Nodirbek"]
[Result "0-1"]
[WhiteTitle "GM"]
[BlackTitle "GM"]
[WhiteElo "2524"]
[BlackElo "2732"]
[WhiteFideId "44105681"]
[BlackFideId "14204118"]
[EventDate "2025.12.29"]

1. d4 Nf6 2. c4 e6 3. Nf3 Bb4+ 4. Bd2 Be7 5. Nc3 O-O 6. e4 d5 7. e5 Ne4 8. Bd3
Nxd2 9. Qxd2 Nc6 10. O-O Nb4 11. Be2 dxc4 12. Bxc4 c5 13. d5 exd5 14. Nxd5 Be6
15. Ne3 Qxd2 16. Nxd2 Rad8 17. Nf3 Bxc4 18. Nxc4 Rd7 19. a3 Nc6 20. Rfe1 Rfd8
21. g3 b5 22. Ne3 a6 23. Kg2 g6 24. h4 c4 25. h5 Kg7 26. Rh1 Nd4 27. Rae1 Nxf3
28. Kxf3 Rd3 29. h6+ Kf8 30. Re2 Bg5 31. Ke4 R8d4+ 32. Kf3 Ke7 33. Rhe1 Bxh6 34.
Rh1 Bxe3 35. fxe3 h5 36. Rf1 Ke6 37. Kg2 Rd7 38. Rf6+ Kxe5 39. Rxa6 Rd2 40. Kf3
Rxe2 41. Kxe2 Rd3 42. Ra7 Rb3 43. Rxf7 Rxb2+ 44. Kf3 c3 45. Rc7 c2 46. Rc5+ Kd6
47. Rc3 g5 48. Ke4 h4 49. gxh4 gxh4 50. Kf3 h3 0-1